Zabudnutý v bronze čo nebolo v učebniciach

Podrobná bibliografia
Hlavný autor: Semanco, Emil, 1953- (Autor)
Médium: Článok
Jazyk:slovenčina
Fyzický popis:Fotogr.
ISSN:0231-6676
Predmet:

MARC

LEADER 00000nab a2200000 a 4500
001 vtls000800757
003 SK-MaSNL
005 20260302152132.0
008 160322c2002 xo 0 slo
015 |a SNBRB2002/07-22534 
035 |a CLN000152412 
040 |a SNKBUCL  |b slo  |c SNKBUCL  |e AACR2 
041 0 |a slo 
044 |a xo  |c SK 
080 |a 973-051  |2 UDC-MRF-SK2 
080 |a 929 Strank, Michael  |2 UDC-MRF-SK2 
100 1 |a Semanco, Emil,  |d 1953-  |4 aut  |9 192879 
245 1 0 |a Zabudnutý v bronze  |b čo nebolo v učebniciach  |c Emil Semanco 
300 |b Fotogr. 
600 1 7 |a Strenk, Michal,  |d 1919-1945  |2 snkbucl  |9 59439 
655 7 |a články z novín a časopisov  |2 snkbucl  |9 267496 
773 0 |x 0231-6676  |t Slovenka  |g Roč. 55, č. 29 (2002), s. 28-29 
850 |a Slovenská národná knižnica v Martine 
852 |a SNK  |b KIS3GCP 
958 |a SK 
958 |a BX 
958 |a US 
958 |a RBX 
999 |c 1361849  |d 1363779